000 00305nam a2200133Ia 4500
100 _aNakra/ C.P/ Aggarwal/ D.k.
942 _cBK
654 _aengineering
245 _aBasic automobile engineering
260 _bDhanpat Rai & Sons
_aDelhi
_c1979
082 _a629.2
300 _a421
546 _aENGLISH
999 _c27396
_d27396